| 000 | 00414nam a2200169Ia 4500 | ||
|---|---|---|---|
| 003 | GCL | ||
| 008 | 140319s9999 xx 000 0 eng d | ||
| 040 |
_aGCL / _cGCL |
||
| 082 | 0 | 4 |
_a759 _bA G |
| 100 | 1 | _aAITCHISON, MARTIN | |
| 245 | 1 | 0 |
_aGREAT ARTISTS / _cAITCHISON, MARTIN |
| 260 |
_a[S.N] : _bWILLS & HEPWORTH LTD ، _c1970 |
||
| 300 | _a50 P | ||
| 650 | 0 | 4 | _aPAINTING |
| 650 | 0 | 4 | _aARTISTS |
| 942 |
_2ddc _cBK |
||
| 999 |
_c21469 _d21469 |
||